[Event "HUN-chT2 Maroczy 1112"]
[Site "Hungary"]
[Date "2012.05.06"]
[Round "10"]
[White "Szilagyi, Peter"]
[Black "Feher, Gyula"]
[Result "1/2-1/2"]
[WhiteElo "2373"]
[BlackElo "2334"]
[PlyCount "35"]
[EventDate "2011.09.25"]
[EventType "team-tourn"]
[EventRounds "11"]
[EventCountry "HUN"]
[SourceTitle "EXT 2013"]
[Source "ChessBase"]
[SourceDate "2012.11.22"]
[SourceVersion "1"]
[SourceVersionDate "2012.11.22"]
[SourceQuality "1"]
[WhiteTeam "Dunaharaszti"]
[BlackTeam "Taban Spartacus"]
[WhiteTeamCountry "HUN"]
[BlackTeamCountry "HUN"]

1. c4 e6 2. Nf3 Nf6 3. Nc3 d5 4. d4 Be7 5. Bf4 0-0 6. e3 c6 7. Qc2 Nbd7 8. a3 a6 9. h3 c5 10. dxc5 Nxc5 11. Rd1 Qb6 12. Be2 dxc4 13. Nd2 Nd3+ 14. Bxd3 cxd3 15. Qxd3 Qc6 16. 0-0 b5 17. e4 Bb7 18. Rc1 1/2-1/2

[Event "HUN-chT2 Maroczy 1112"]
[Site "Hungary"]
[Date "2011.11.13"]
[Round "3"]
[White "Szilagyi, Peter"]
[Black "Borsos, Bogdan"]
[Result "0-1"]
[WhiteElo "2373"]
[BlackElo "2255"]
[PlyCount "80"]
[EventDate "2011.09.25"]
[EventType "team-tourn"]
[EventRounds "11"]
[EventCountry "HUN"]
[SourceTitle "EXT 2013"]
[Source "ChessBase"]
[SourceDate "2012.11.22"]
[SourceVersion "1"]
[SourceVersionDate "2012.11.22"]
[SourceQuality "1"]
[WhiteTeam "Dunaharaszti"]
[BlackTeam "Kazincbarcika"]
[WhiteTeamCountry "HUN"]
[BlackTeamCountry "HUN"]

1. c4 d6 2. d4 e5 3. Nc3 exd4 4. Qxd4 Nc6 5. Qd2 Nf6 6. Nf3 Bf5 7. g3 Qd7 8. Nd4 Bh3 9. Qe3+ Be7 10. Bxh3 Qxh3 11. Nxc6 bxc6 12. Qf3 d5 13. Bg5 0-0 14. 0-0-0 Rab8 15. cxd5 cxd5 16. e4 dxe4 17. Qe2 Rfe8 18. Rd4 Qf5 19. Bf4 Bc5 20. Rc4 Bd6 21. Be3 a5 22. Rd1 Rb4 23. a3 Rxc4 24. Qxc4 h6 25. Nb5 Ng4 26. Qc6 Re5 27. Nxd6 cxd6 28. Qxd6 Kh7 29. a4 Nxe3 30. fxe3 Rc5+ 31. Kb1 Rc4 32. Qf4 Qxf4 33. gxf4 Rxa4 34. Rd5 Kg6 35. Kc2 f5 36. Kc3 Ra1 37. Rb5 a4 38. Kd4 a3 39. Ke5 Rb1 40. Rb6+ Kh5 0-1

[Event "HUN-chT 0910"]
[Site "Hungary"]
[Date "2010.05.02"]
[Round "11"]
[White "Prohaszka, Peter"]
[Black "Szilagyi, Peter"]
[Result "1-0"]
[WhiteElo "2510"]
[BlackElo "2366"]
[PlyCount "65"]
[EventDate "2009.11.08"]
[EventType "team-tourn"]
[EventRounds "11"]
[EventCountry "HUN"]
[SourceTitle "EXT 2011"]
[Source "ChessBase"]
[SourceDate "2010.11.26"]
[SourceVersion "1"]
[SourceVersionDate "2010.11.26"]
[SourceQuality "1"]
[WhiteTeam "Aquaprofit"]
[BlackTeam "Dunaharaszti"]
[WhiteTeamCountry "HUN"]
[BlackTeamCountry "HUN"]

1. d4 d5 2. Nf3 Nf6 3. c4 c6 4. Nc3 dxc4 5. a4 Na6 6. e4 Bg4 7. Bxc4 e6 8. 0-0 Nb4 9. Be3 Be7 10. Rc1 0-0 11. h3 Bxf3 12. Qxf3 Qa5 13. Rfd1 Rad8 14. g4 c5 15. d5 exd5 16. exd5 Nd7 17. d6 Bf6 18. Qxb7 Nb6 19. Bf1 Be5 20. Bxc5 Qxc5 21. Nb5 Bh2+ 22. Kxh2 Qxf2+ 23. Qg2 Qf6 24. g5 Qe5+ 25. Qg3 Qxb2+ 26. Bg2 a6 27. Rb1 Qc2 28. Qb3 axb5 29. Qxb4 Nc4 30. axb5 Nxd6 31. Rd2 Qf5 32. Rbd1 Qe5+ 33. Kh1 1-0

[Event "HUN-chT 0910"]
[Site "Hungary"]
[Date "2010.02.28"]
[Round "7"]
[White "Fodor, Tamas Jr"]
[Black "Szilagyi, Peter"]
[Result "1-0"]
[WhiteElo "2437"]
[BlackElo "2366"]
[PlyCount "81"]
[EventDate "2009.11.08"]
[EventType "team-tourn"]
[EventRounds "11"]
[EventCountry "HUN"]
[SourceTitle "EXT 2011"]
[Source "ChessBase"]
[SourceDate "2010.11.26"]
[SourceVersion "1"]
[SourceVersionDate "2010.11.26"]
[SourceQuality "1"]
[WhiteTeam "Paks"]
[BlackTeam "Dunaharaszti"]
[WhiteTeamCountry "HUN"]
[BlackTeamCountry "HUN"]

1. d4 Nf6 2. c4 e6 3. Nc3 d5 4. cxd5 exd5 5. Bg5 Nbd7 6. e3 c6 7. Bd3 Bd6 8. Qc2 Nf8 9. Nf3 Ng6 10. h4 h6 11. Bxg6 hxg5 12. Nxg5 fxg6 13. Qxg6+ Kd7 14. Nf7 Qf8 15. Nxh8 Qxh8 16. g4 Kd8 17. g5 Qh5 18. Qxg7 Ne8 19. Qh6 Qf3 20. Rf1 Bg4 21. Kd2 Rc8 22. g6 Nf6 23. Rae1 Kd7 24. Kc1 c5 25. dxc5 Rxc5 26. g7 Rxc3+ 27. bxc3 Ba3+ 28. Kd2 Ne4+ 29. Kc2 Bf5 30. Kb3 Be7 31. g8Q Nc5+ 32. Kb2 Qe4 33. Ka1 Qc4 34. Rc1 Nb3+ 35. axb3 Qxb3 36. Qxd5+ Qxd5 37. Rfd1 Bd3 38. Rxd3 Qxd3 39. Qh5 Qa6+ 40. Kb1 Qd3+ 41. Kb2 1-0

[Event "HUN-chT2 Maroczy 0607"]
[Site "Hungary"]
[Date "2007.04.15"]
[Round "8"]
[White "Dovzik, Juri"]
[Black "Szilagyi, Peter"]
[Result "1/2-1/2"]
[WhiteElo "2430"]
[BlackElo "2365"]
[PlyCount "29"]
[EventDate "2006.11.12"]
[EventType "team-tourn"]
[EventRounds "11"]
[EventCountry "HUN"]
[SourceTitle "EXT 2008"]
[Source "ChessBase"]
[SourceDate "2007.11.25"]
[SourceVersion "1"]
[SourceVersionDate "2007.11.25"]
[SourceQuality "1"]
[WhiteTeam "Kazincbarcika"]
[BlackTeam "Dunaharaszti"]
[WhiteTeamCountry "HUN"]
[BlackTeamCountry "HUN"]

1. Nf3 Nf6 2. d4 e6 3. g3 d5 4. Bg2 b5 5. 0-0 Bb7 6. Bg5 Be7 7. Nbd2 Nbd7 8. Nb3 a5 9. a4 b4 10. Ne1 h6 11. Bxf6 Bxf6 12. c4 bxc3 13. bxc3 Ba6 14. Nd3 0-0 15. e4 1/2-1/2

[Event "HUN-chT2 Maroczy 0607"]
[Site "Hungary"]
[Date "2007.02.18"]
[Round "5"]
[White "Szilagyi, Peter"]
[Black "Blasko, Istvan"]
[Result "1-0"]
[WhiteElo "2365"]
[BlackElo "2308"]
[PlyCount "101"]
[EventDate "2006.11.12"]
[EventType "team-tourn"]
[EventRounds "11"]
[EventCountry "HUN"]
[SourceTitle "EXT 2008"]
[Source "ChessBase"]
[SourceDate "2007.11.25"]
[SourceVersion "1"]
[SourceVersionDate "2007.11.25"]
[SourceQuality "1"]
[WhiteTeam "Dunaharaszti"]
[BlackTeam "Matra"]
[WhiteTeamCountry "HUN"]
[BlackTeamCountry "HUN"]

1. Nf3 Nf6 2. c4 g6 3. Nc3 d5 4. Qa4+ c6 5. cxd5 Nxd5 6. Qd4 f6 7. g3 Bg7 8. Bg2 0-0 9. Qc4 Be6 10. Qa4 Nd7 11. 0-0 Bf7 12. d3 N7b6 13. Qc2 Rc8 14. Bh3 e6 15. Bd2 Qe7 16. Rac1 Rce8 17. Ne4 Nd7 18. Qa4 a6 19. b4 e5 20. Nc5 N5b6 21. Qc2 Rb8 22. e4 Rfd8 23. Be3 Nf8 24. a4 Nbd7 25. Rfd1 Ne6 26. Bxe6 Bxe6 27. Nxe6 Qxe6 28. d4 exd4 29. Nxd4 Qf7 30. f4 Bf8 31. f5 Ne5 32. b5 axb5 33. axb5 cxb5 34. Ne6 Rxd1+ 35. Qxd1 Nc4 36. Bf4 Rc8 37. Qd5 Nb6 38. Qxb5 Rxc1+ 39. Bxc1 Qd7 40. Qb3 Qa4 41. Qxb6 Qd1+ 42. Kg2 Qxc1 43. Qd8 Qb2+ 44. Kh3 Qb4 45. Qxf6 gxf5 46. exf5 b5 47. Qg5+ Kf7 48. Qh5+ Kg8 49. f6 Qd6 50. f7+ Kh8 51. Qg4 1-0

[Event "HUN-chT2 Maroczy 0607"]
[Site "Hungary"]
[Date "2006.11.26"]
[Round "2"]
[White "Erdelyi, Zombor"]
[Black "Szilagyi, Peter"]
[Result "1-0"]
[WhiteElo "2349"]
[BlackElo "2365"]
[PlyCount "101"]
[EventDate "2006.11.12"]
[EventType "team-tourn"]
[EventRounds "11"]
[EventCountry "HUN"]
[SourceTitle "EXT 2008"]
[Source "ChessBase"]
[SourceDate "2007.11.25"]
[SourceVersion "1"]
[SourceVersionDate "2007.11.25"]
[SourceQuality "1"]
[WhiteTeam "Husi"]
[BlackTeam "Dunaharaszti"]
[WhiteTeamCountry "HUN"]
[BlackTeamCountry "HUN"]

1. e4 e6 2. d4 d5 3. Nc3 Bb4 4. e5 c5 5. a3 Bxc3+ 6. bxc3 Qa5 7. Bd2 Ne7 8. h4 Nbc6 9. h5 b6 10. a4 Ba6 11. Bb5 Bxb5 12. c4 Nb4 13. cxb5 a6 14. bxa6 Nec6 15. Ne2 Qxa6 16. Bxb4 Nxb4 17. 0-0 Qc4 18. c3 Nc6 19. Nf4 Qxc3 20. Qg4 Qxd4 21. Rad1 Qc3 22. Nxe6 Nxe5 23. Nc7+ Kd8 24. Nxd5 Nxg4 25. Nxc3+ Kc8 26. Rfe1 Rd8 27. Nd5 Kb7 28. Re7+ Kc6 29. Rc7+ Kd6 30. Rxf7 Rxa4 31. Rxg7 Rd4 32. Rxd4 cxd4 33. Nxb6 Ne5 34. f4 Nd3 35. g3 Kc5 36. Nd7+ Kd6 37. Nf6 Ke6 38. Ne4 Kf5 39. Nd2 Ra8 40. Rg5+ Ke6 41. Nb3 Rd8 42. Kf1 Rd5 43. Ke2 Nb2 44. Rxd5 Kxd5 45. Nd2 Na4 46. g4 Nc5 47. Kf3 h6 48. g5 Ne6 49. Kg4 hxg5 50. fxg5 d3 51. h6 1-0

[Event "HUN-chT2 Maroczy 0506"]
[Site "Hungary"]
[Date "2006.04.23"]
[Round "11"]
[White "Kotan, Ladislav"]
[Black "Szilagyi, Peter"]
[Result "1/2-1/2"]
[WhiteElo "2364"]
[BlackElo "2380"]
[PlyCount "113"]
[EventDate "2005.10.16"]
[EventType "team-tourn"]
[EventRounds "11"]
[EventCountry "HUN"]
[SourceTitle "EXT 2009"]
[Source "ChessBase"]
[SourceDate "2008.11.26"]
[SourceVersion "1"]
[SourceVersionDate "2008.11.26"]
[SourceQuality "1"]
[WhiteTeam "Sarospatak"]
[BlackTeam "Dunaharaszti"]
[WhiteTeamCountry "HUN"]
[BlackTeamCountry "HUN"]

1. e4 e6 2. d4 d5 3. Nd2 c5 4. dxc5 Bxc5 5. Bd3 Nf6 6. Qe2 Nc6 7. Ngf3 0-0 8. a3 Re8 9. 0-0 e5 10. h3 Nh5 11. Rd1 Nf4 12. Qf1 Qb6 13. exd5 Nxd3 14. cxd3 Nd4 15. b4 Nxf3+ 16. Nxf3 Bf8 17. d4 exd4 18. Nxd4 Bd7 19. Be3 Qf6 20. Nb5 Rxe3 21. fxe3 Qxf1+ 22. Kxf1 Bxb5+ 23. Kf2 Bd6 24. a4 Bd7 25. b5 Kf8 26. g4 Ke7 27. e4 Kf6 28. Kf3 Ke5 29. Rdc1 g5 30. Rh1 h5 31. Rab1 Rh8 32. Rbc1 Rh6 33. Rcf1 Rf6+ 34. Ke3 Bc5+ 35. Kd3 Rxf1 36. Rxf1 hxg4 37. hxg4 f6 38. Rh1 Bxg4 39. Rh8 Bf3 40. Re8+ Kf4 41. Re6 f5 42. Kc4 b6 43. e5 Bh5 44. Rh6 Be2+ 45. Kc3 Kxe5 46. Re6+ Kxd5 47. Rxe2 g4 48. Re8 g3 49. Rg8 Bf2 50. Kd3 Kc5 51. Ke2 Kb4 52. Ra8 Kxa4 53. Rxa7+ Kxb5 54. Rf7 Kc4 55. Rxf5 b5 56. Rg5 b4 57. Kd2 1/2-1/2

[Event "HUN-chT2 Maroczy 0506"]
[Site "Hungary"]
[Date "2005.11.13"]
[Round "3"]
[White "Szilagyi, Peter"]
[Black "Boguszlavszkij, Jevgenyij"]
[Result "1-0"]
[WhiteElo "2380"]
[BlackElo "2331"]
[PlyCount "71"]
[EventDate "2005.10.16"]
[EventType "team-tourn"]
[EventRounds "11"]
[EventCountry "HUN"]
[SourceTitle "EXT 2009"]
[Source "ChessBase"]
[SourceDate "2008.11.26"]
[SourceVersion "1"]
[SourceVersionDate "2008.11.26"]
[SourceQuality "1"]
[WhiteTeam "Dunaharaszti"]
[BlackTeam "Vasas"]
[WhiteTeamCountry "HUN"]
[BlackTeamCountry "HUN"]

1. d4 d5 2. c4 e6 3. Nc3 Nf6 4. Bg5 Be7 5. e3 0-0 6. Nf3 Nbd7 7. Rc1 c6 8. Bd3 Re8 9. 0-0 Nf8 10. Qe2 N6d7 11. Bf4 dxc4 12. Bxc4 Nb6 13. Bb3 Ng6 14. Bg3 Bd6 15. Bxd6 Qxd6 16. Ne4 Qe7 17. Ne5 Nd5 18. f4 Nf8 19. a3 f6 20. Nd3 Rd8 21. Qf2 Bd7 22. Ng3 Be8 23. f5 Bf7 24. e4 Nc7 25. e5 Nb5 26. fxe6 Bxe6 27. Nf5 Qf7 28. Qg3 Kh8 29. exf6 Qxf6 30. Ne5 Bxb3 31. Qxb3 Rd7 32. Nxd7 Nxd7 33. Rce1 Rd8 34. Qe3 h6 35. a4 Nd6 36. Ne7 1-0

[Event "HUN-chT2 Maroczy 0405"]
[Site "Hungary"]
[Date "2005.04.10"]
[Round "10"]
[White "Tolnai, Tibor"]
[Black "Szilagyi, Peter"]
[Result "1/2-1/2"]
[WhiteElo "2441"]
[BlackElo "2399"]
[PlyCount "76"]
[EventDate "2004.09.26"]
[EventType "team-tourn"]
[EventRounds "11"]
[EventCountry "HUN"]
[SourceTitle "EXT 2008"]
[Source "ChessBase"]
[SourceDate "2007.11.25"]
[SourceVersion "1"]
[SourceVersionDate "2007.11.25"]
[SourceQuality "1"]
[WhiteTeam "Lang"]
[BlackTeam "Dunaharaszti"]
[WhiteTeamCountry "HUN"]
[BlackTeamCountry "HUN"]

1. e4 e5 2. Bc4 Nf6 3. d3 c6 4. Nf3 d5 5. Bb3 a5 6. a3 a4 7. Ba2 Bd6 8. Nc3 d4 9. Ne2 h6 10. Ng3 g6 11. 0-0 c5 12. h3 Nbd7 13. Nh2 Qc7 14. Bd2 Nf8 15. Qc1 Be6 16. Bxh6 Bxa2 17. Bxf8 Bxf8 18. Rxa2 Bh6 19. Qd1 c4 20. Ng4 Nxg4 21. Qxg4 Ra6 22. Raa1 Rc6 23. Ne2 cxd3 24. cxd3 Bd2 25. f4 0-0 26. fxe5 Qxe5 27. Nf4 Be3+ 28. Kh1 Bxf4 29. Rxf4 Qb5 30. Qe2 Qb3 31. e5 Rc2 32. Qe4 Qxb2 33. Raf1 Re2 34. Qd5 Qc3 35. Qxd4 Qxa3 36. Ra1 Qe7 37. Rxa4 Re1+ 38. Kh2 Qxe5 1/2-1/2

[Event "HUN-chT2 Maroczy 0405"]
[Site "Hungary"]
[Date "2005.03.06"]
[Round "9"]
[White "Szilagyi, Peter"]
[Black "Szeberenyi, Adam"]
[Result "0-1"]
[WhiteElo "2399"]
[BlackElo "2422"]
[PlyCount "70"]
[EventDate "2004.09.26"]
[EventType "team-tourn"]
[EventRounds "11"]
[EventCountry "HUN"]
[SourceTitle "EXT 2008"]
[Source "ChessBase"]
[SourceDate "2007.11.25"]
[SourceVersion "1"]
[SourceVersionDate "2007.11.25"]
[SourceQuality "1"]
[WhiteTeam "Dunaharaszti"]
[BlackTeam "Miskolc"]
[WhiteTeamCountry "HUN"]
[BlackTeamCountry "HUN"]

1. Nf3 Nf6 2. c4 g6 3. Nc3 d5 4. Qa4+ Bd7 5. Qb3 dxc4 6. Qxc4 Bg7 7. e4 Bc6 8. d3 0-0 9. Be2 b6 10. Bf4 Nh5 11. Be3 e5 12. 0-0 Bb7 13. b4 Nc6 14. Rac1 Nd4 15. Bd1 Rc8 16. Bxd4 exd4 17. Ne2 c5 18. Bb3 Kh8 19. bxc5 bxc5 20. Qb5 Qe7 21. Rfe1 f5 22. Ng3 Nxg3 23. hxg3 fxe4 24. dxe4 Rc7 25. Nd2 Qg5 26. Qd3 Qf6 27. f4 g5 28. Rf1 Qh6 29. Bd5 Ba6 30. Bc4 Bxc4 31. Nxc4 gxf4 32. e5 fxg3 33. Qxg3 Rcf7 34. Rfe1 Rf5 35. Nd6 Rh5 0-1

[Event "HUN-chT2 Maroczy 0304"]
[Site "Hungary"]
[Date "2004.03.21"]
[Round "9"]
[White "Berebora, Ferenc"]
[Black "Szilagyi, Peter"]
[Result "1-0"]
[WhiteElo "2388"]
[BlackElo "2434"]
[PlyCount "75"]
[EventDate "2003.09.28"]
[EventType "team-tourn"]
[EventRounds "11"]
[EventCountry "HUN"]
[SourceTitle "EXT 2005"]
[Source "ChessBase"]
[SourceDate "2004.11.15"]
[SourceVersion "1"]
[SourceVersionDate "2004.11.15"]
[SourceQuality "1"]

1. d4 Nf6 2. c4 e6 3. Nc3 Bb4 4. Qc2 0-0 5. a3 Bxc3+ 6. Qxc3 b6 7. Bg5 Bb7 8. e3 d6 9. Ne2 Nbd7 10. Qd3 h6 11. Bh4 c5 12. Nc3 Ba6 13. Qd2 cxd4 14. Qxd4 Qc8 15. Rd1 d5 16. cxd5 Nxd5 17. Nxd5 exd5 18. Bxa6 Qxa6 19. Qd3 Qxd3 20. Rxd3 Ne5 21. Rxd5 Nc4 22. b3 Na5 23. Rd3 g5 24. Bg3 Rfd8 25. Rxd8+ Rxd8 26. b4 Nc4 27. a4 Rd3 28. Ke2 Rd2+ 29. Kf3 Rb2 30. b5 Kh7 31. Ke4 Kg6 32. Kd3 Na5 33. Bb8 Nb7 34. Rc1 Rb4 35. Bxa7 Rxa4 36. Bxb6 Rb4 37. Rc7 Nd8 38. Rc4 1-0

[Event "HUN-chT2 Maroczy 0304"]
[Site "Hungary"]
[Date "2004.01.25"]
[Round "6"]
[White "Kotan, Ladislav"]
[Black "Szilagyi, Peter"]
[Result "0-1"]
[WhiteElo "2369"]
[BlackElo "2434"]
[PlyCount "84"]
[EventDate "2003.09.28"]
[EventType "team-tourn"]
[EventRounds "11"]
[EventCountry "HUN"]
[SourceTitle "EXT 2005"]
[Source "ChessBase"]
[SourceDate "2004.11.15"]
[SourceVersion "1"]
[SourceVersionDate "2004.11.15"]
[SourceQuality "1"]

1. e4 c5 2. Nf3 e6 3. c3 Nf6 4. Bd3 d5 5. e5 Nfd7 6. Bc2 Nc6 7. d4 b6 8. Ba4 Qc7 9. Na3 a6 10. 0-0 b5 11. Bc2 Be7 12. Bg5 Bxg5 13. Nxg5 cxd4 14. cxd4 b4 15. Qh5 Nb6 16. Nxh7 bxa3 17. Nf6+ gxf6 18. Qxh8+ Kd7 19. Qxf6 Qd8 20. Qxf7+ Qe7 21. Qf4 axb2 22. Rab1 Nc4 23. Bb3 N6a5 24. Ba4+ Kc7 25. Rfd1 Rb8 26. Qg3 Qb4 27. Qg7+ Kb6 28. Bb3 Nxb3 29. axb3 Qxb3 30. Qe7 a5 31. Qc5+ Ka6 32. h4 Bb7 33. Qe7 Qb6 34. h5 Rh8 35. g4 a4 36. Rd3 Ka5 37. Kg2 Qb4 38. Qg7 Rc8 39. h6 a3 40. h7 a2 41. Rdd1 axb1Q 42. Rxb1 Nd2 0-1

[Event "Schneider Memorial"]
[Site "Budapest"]
[Date "2003.12.08"]
[Round "8"]
[White "Jakab, Attila"]
[Black "Szilagyi, Peter"]
[Result "1-0"]
[WhiteElo "2420"]
[BlackElo "2434"]
[PlyCount "63"]
[EventDate "2003.12.01"]
[EventType "tourn"]
[EventRounds "11"]
[EventCountry "HUN"]
[EventCategory "4"]
[SourceTitle "CBM 097 Extra"]
[Source "ChessBase"]
[SourceDate "2004.01.13"]
[SourceVersion "1"]
[SourceVersionDate "2004.01.13"]
[SourceQuality "1"]

1. d4 Nf6 2. c4 e6 3. Nc3 Bb4 4. e3 0-0 5. Bd3 d5 6. Nf3 c5 7. 0-0 dxc4 8. Bxc4 Nbd7 9. a3 cxd4 10. axb4 dxc3 11. bxc3 Qc7 12. Qd3 Nb6 13. Bb3 Rd8 14. Qc2 Nbd5 15. Rd1 Bd7 16. Bb2 b5 17. c4 Nxb4 18. Qc3 bxc4 19. Bxc4 Nbd5 20. Qd4 Nb6 21. Rdc1 Nxc4 22. Rxc4 Qb7 23. Rb4 Bc6 24. Qh4 Qa6 25. h3 Qd3 26. Ne5 Qd5 27. Nxc6 Qxc6 28. Bxf6 gxf6 29. Rg4+ Kf8 30. Qxf6 Rd7 31. Rg7 Qe4 32. Qg5 1-0

[Event "HUN-chT2 Maroczy 0304"]
[Site "Hungary"]
[Date "2003.12.07"]
[Round "5"]
[White "Szilagyi, Peter"]
[Black "Tatar Kis, Szabolcs"]
[Result "1/2-1/2"]
[WhiteElo "2434"]
[BlackElo "2412"]
[PlyCount "55"]
[EventDate "2003.09.28"]
[EventType "team-tourn"]
[EventRounds "11"]
[EventCountry "HUN"]
[SourceTitle "EXT 2005"]
[Source "ChessBase"]
[SourceDate "2004.11.15"]
[SourceVersion "1"]
[SourceVersionDate "2004.11.15"]
[SourceQuality "1"]

1. d4 Nf6 2. c4 g6 3. Nc3 Bg7 4. e4 d6 5. Be2 0-0 6. Nf3 e5 7. 0-0 c6 8. Rb1 Na6 9. Re1 exd4 10. Nxd4 Re8 11. f3 d5 12. cxd5 cxd5 13. Bb5 Re7 14. e5 Ne8 15. Bg5 f6 16. exf6 Rxe1+ 17. Qxe1 Nxf6 18. Qh4 Nc7 19. Re1 Qf8 20. Be3 Bd7 21. Bxd7 Nxd7 22. Bf2 Re8 23. Rd1 Ne5 24. Nc2 Qf5 25. Ne3 Qxf3 26. Qa4 Qf7 27. Ncxd5 Nxd5 28. Nxd5 1/2-1/2

[Event "HUN-chT2 Maroczy 0203"]
[Site "Hungary"]
[Date "2003.04.13"]
[Round "11.1"]
[White "Szilagyi, Peter"]
[Black "Erdos, Viktor"]
[Result "1/2-1/2"]
[WhiteElo "2424"]
[BlackElo "2446"]
[PlyCount "62"]
[EventDate "2002.09.22"]
[EventType "team-tourn"]
[EventRounds "11"]
[EventCountry "HUN"]
[SourceTitle "EXT 2004"]
[Source "ChessBase"]
[SourceDate "2003.11.25"]
[SourceVersion "1"]
[SourceVersionDate "2003.11.25"]
[SourceQuality "1"]
[WhiteTeam "Dunaharaszti"]
[BlackTeam "Mako"]
[WhiteTeamCountry "HUN"]
[BlackTeamCountry "HUN"]

1. c4 Nf6 2. Nc3 e5 3. Nf3 Nc6 4. g3 Nd4 5. Bg2 Nxf3+ 6. Bxf3 Bb4 7. 0-0 0-0 8. Qc2 Re8 9. d3 c6 10. Bg5 Bxc3 11. Qxc3 h6 12. Bxf6 Qxf6 13. b4 d6 14. Rfb1 Qe7 15. c5 d5 16. b5 Bd7 17. a4 Rac8 18. Rc1 e4 19. Bg2 exd3 20. exd3 Bf5 21. Bf1 Qc7 22. Rab1 Re7 23. Rb2 Rce8 24. Rcb1 Qc8 25. a5 Bd7 26. bxc6 bxc6 27. Rb7 Bh3 28. Rb8 Qf5 29. Rxe8+ Rxe8 30. Bxh3 Qxh3 31. Re1 Qd7 1/2-1/2

[Event "HUN-chT2 Maroczy 0203"]
[Site "Hungary"]
[Date "2003.03.23"]
[Round "9.1"]
[White "Szilagyi, Peter"]
[Black "Zetocha, Claudiu Andrei"]
[Result "1-0"]
[WhiteElo "2424"]
[BlackElo "2390"]
[PlyCount "81"]
[EventDate "2002.09.22"]
[EventType "team-tourn"]
[EventRounds "11"]
[EventCountry "HUN"]
[SourceTitle "EXT 2004"]
[Source "ChessBase"]
[SourceDate "2003.11.25"]
[SourceVersion "1"]
[SourceVersionDate "2003.11.25"]
[SourceQuality "1"]
[WhiteTeam "Dunaharaszti"]
[BlackTeam "Edeleny"]
[WhiteTeamCountry "HUN"]
[BlackTeamCountry "HUN"]

1. Nf3 c5 2. c4 Nf6 3. Nc3 e6 4. g3 b6 5. Bg2 Bb7 6. 0-0 a6 7. Re1 d6 8. e4 Be7 9. d4 cxd4 10. Nxd4 Qc7 11. b3 0-0 12. Bb2 Re8 13. Rc1 Bf8 14. f4 Nbd7 15. Qd2 Rad8 16. h3 Qb8 17. Rcd1 g6 18. Nc2 Qa8 19. Qe2 Qb8 20. g4 h6 21. Ne3 Bg7 22. h4 Nc5 23. g5 Nh5 24. Qf2 d5 25. cxd5 Qxf4 26. b4 Qxf2+ 27. Kxf2 Nd7 28. gxh6 Be5 29. Kg1 b5 30. Ng4 Bh8 31. dxe6 fxe6 32. e5 Bxg2 33. Kxg2 Nxe5 34. Nxe5 Nf4+ 35. Kg3 Bxe5 36. Rxe5 Nd3 37. Re2 Nxb2 38. Rxb2 Rxd1 39. Nxd1 Rd8 40. Nf2 Rd4 41. Ng4 1-0

[Event "HUN-chT2 Maroczy 0203"]
[Site "Hungary"]
[Date "2003.02.02"]
[Round "6.1"]
[White "Tatar Kis, Szabolcs"]
[Black "Szilagyi, Peter"]
[Result "1-0"]
[WhiteElo "2399"]
[BlackElo "2424"]
[PlyCount "47"]
[EventDate "2002.09.22"]
[EventType "team-tourn"]
[EventRounds "11"]
[EventCountry "HUN"]
[SourceTitle "EXT 2004"]
[Source "ChessBase"]
[SourceDate "2003.11.25"]
[SourceVersion "1"]
[SourceVersionDate "2003.11.25"]
[SourceQuality "1"]
[WhiteTeam "Vasarhelyi"]
[BlackTeam "Dunaharaszti"]
[WhiteTeamCountry "HUN"]
[BlackTeamCountry "HUN"]

1. e4 c5 2. Nf3 e6 3. d4 cxd4 4. Nxd4 a6 5. Nc3 Qc7 6. Bd3 Nf6 7. 0-0 d6 8. Qe2 Nc6 9. Nxc6 bxc6 10. b3 d5 11. Kh1 Be7 12. Bb2 Bb7 13. f4 c5 14. exd5 exd5 15. Rae1 Kf8 16. Na4 Re8 17. Bxf6 gxf6 18. Qh5 h6 19. Nc3 c4 20. bxc4 dxc4 21. Be4 Bb4 22. Bxb7 Rxe1 23. Rxe1 Qxb7 24. Rb1 1-0

[Event "HUN-chT2 Maroczy 0203"]
[Site "Hungary"]
[Date "2002.10.13"]
[Round "2.1"]
[White "Konnyu, Janos"]
[Black "Szilagyi, Peter"]
[Result "0-1"]
[WhiteElo "2224"]
[BlackElo "2424"]
[PlyCount "76"]
[EventDate "2002.09.22"]
[EventType "team-tourn"]
[EventRounds "11"]
[EventCountry "HUN"]
[SourceTitle "EXT 2004"]
[Source "ChessBase"]
[SourceDate "2003.11.25"]
[SourceVersion "1"]
[SourceVersionDate "2003.11.25"]
[SourceQuality "1"]
[WhiteTeam "Sarospatak"]
[BlackTeam "Dunaharaszti"]
[WhiteTeamCountry "HUN"]
[BlackTeamCountry "HUN"]

1. e4 c5 2. Nf3 e6 3. d4 cxd4 4. Nxd4 Nc6 5. Nb5 d6 6. c4 Nf6 7. N1c3 a6 8. Na3 Be7 9. Be2 b6 10. 0-0 Bb7 11. Be3 Nb8 12. f3 Nbd7 13. Rc1 0-0 14. Na4 Qb8 15. Nb1 Bd8 16. Kh1 Bc7 17. b4 d5 18. c5 bxc5 19. Nxc5 Rd8 20. Qc2 Nxc5 21. bxc5 Bc6 22. Bg5 dxe4 23. Bxf6 gxf6 24. fxe4 Qb4 25. Bf3 Qd4 26. Qc3 Be5 27. Qa5 Qe3 28. Qe1 Qh6 29. g3 Rd3 30. Rd1 Rad8 31. Rxd3 Rxd3 32. Qe2 Qe3 33. Qxe3 Rxe3 34. Nd2 Rc3 35. Bg2 Rc2 36. Rd1 Rxc5 37. Kg1 Rc2 38. a3 Ba4 0-1

[Event "HUN-chT2 0102"]
[Site "Hungary"]
[Date "2002.03.03"]
[Round "8"]
[White "Boricsev, Oleg"]
[Black "Szilagyi, Peter"]
[Result "0-1"]
[WhiteElo "2311"]
[BlackElo "2409"]
[PlyCount "94"]
[EventDate "2001.??.??"]
[EventType "team-tourn"]
[EventRounds "11"]
[EventCountry "HUN"]
[SourceTitle "EXT 2004"]
[Source "ChessBase"]
[SourceDate "2003.11.25"]
[SourceVersion "1"]
[SourceVersionDate "2003.11.25"]
[SourceQuality "1"]

1. e4 c5 2. Nf3 e6 3. c3 Nf6 4. e5 Nd5 5. d4 cxd4 6. cxd4 d6 7. Bc4 Be7 8. Qe2 0-0 9. 0-0 Nc6 10. Qe4 Re8 11. Bd3 f5 12. exf6 Nxf6 13. Qe2 Nb4 14. Bc4 Nbd5 15. Nc3 Bd7 16. Bg5 Kh8 17. Bd2 Qb6 18. Bb3 a5 19. Rfc1 a4 20. Bc4 Bf8 21. Ne4 Bc6 22. Nxf6 gxf6 23. Qe4 Re7 24. Qh4 Rg7 25. Re1 Qxb2 26. Bd3 Qa3 27. Be4 f5 28. Bxd5 Bxd5 29. Re3 Qb2 30. Bc3 Qb5 31. Ng5 Be7 32. f4 Rc8 33. Qh5 Bxg5 34. fxg5 f4 35. Rh3 f3 36. Rxf3 Bxf3 37. Qxf3 Qxg5 38. Be1 Kg8 39. Qe2 Qd5 40. Rd1 Qf5 41. Rd3 Rc1 42. Rc3 Rxc3 43. Bxc3 Rc7 44. Be1 Rc2 45. Qe3 Qg4 46. Bg3 Qe2 47. Qg5+ Kf7 0-1